000 00285nam a22001337a 4500
008 170306b xxu||||| |||| 00| 0 eng d
020 _a9781904842316
041 _aeng
080 _a575
100 _a6
101 _aSHM
245 _aNEW CLINICAL GENETICS
_cREAD, A
942 _2udc
_cBK
999 _c6785
_d6785